000 00923nam a22002417a 4500
999 _c5609
_d5609
003 GBCCL
005 20241126110546.0
008 180329b ||||| |||| 00| 0 eng d
020 _a0784709335
020 _a 9780784709337
040 _cGBC
082 _a252.592
_bSOL
100 _aMcCarty, C Barry
_910143
240 _aParables & miracles Parables and miracles Blueprints for 30 messages built upon God's Word
245 _aparables & miracles :
_bblueprints for 30 messages built upon God's Word /
_cC Barry McCarty
260 _aCincinnati, OH :
_bStandard Pub.,
_c©1999.
300 _a64 pages :
_billustrations ; 23 cm
440 _aSolid foundation sermon starters
_98390
650 _a Sermons -- Outlines, syllabi, etc.
_910136
650 _aBible. -- Gospels -- Sermons -- Outlines, syllabi, etc.
_910144
650 _aSermons -- Christian Churches and Churches of Christ.
_910141
942 _2ddc
_cBK